000 00635cam a2200145 4500
001 J106081
008 000000n1901 000 0 eng u
035 _a(Sirsi) u106081
100 _aSpence, Richmond
245 _aNotes on land agency.
260 _aThe author
_c1901
500 _aDonated by D. W. Gibson FRICS
520 _aA collection of typewritten and manuscript notes on geology, agricultural chemistry, agriculture, forestry, land drainage, trigonometry, land surveying, farm buildings, landlord and tenant law and book-keeping bound in a notebook signed and dated 1901. The author was a member of the RICS
942 _n0
999 _c100516
_d100516